| 000 | 00750cam a22002171 4500 | ||
|---|---|---|---|
| 001 | gs 23000149 | ||
| 003 | DLC | ||
| 005 | 20260227111327.0 | ||
| 008 | 790320s1923 xx 000 0 eng c | ||
| 010 | _ags 23000149 | ||
| 035 | _a(OCoLC)4758824 | ||
| 040 |
_aLibrary, U.S. Geological survey _cOCl _dDLC |
||
| 050 | 0 | 0 |
_aTC801 _b.U2 no. 496 |
| 051 |
_aTD223 _b.C65 1923 |
||
| 100 | 1 |
_aCollins, W. D. _q(William Dennis), _d1875- |
|
| 245 | 1 | 4 |
_aThe industrial utility of public water supplies in the United States, _cby W. D. Collins. |
| 260 |
_aWashington, _bGovt. print. off., _c1923. |
||
| 300 |
_aiii, [1], 59 p. _bfold. map, tables. _c23 cm. |
||
| 490 | 0 | _aU. S. Geological survey. Water-supply paper 496 | |
| 650 | 0 |
_aWater-supply _zUnited States. |
|
| 999 |
_c26232 _d26232 |
||